000 00486pab a2200169 454500
008 180718b2004 xxu||||| |||| 00| 0 eng d
100 _aBuxton, Martin
245 _aEstimating the economic value to societies of the impact of health research: a critical review
260 _c2004
300 _ap.733-37.
362 _aOct
650 _aHealth services
700 _aJones, Teri
700 _aHanney, Steve
773 _aBulletin of the World Health Organization
909 _a63478
999 _c63478
_d63478